The legal status of the tenant farmer in the Southeast.

Bibliographic Details
Main Author: Mangum, Charles Staples, 1902-
Format: Book
Language:English
Published: Chapel Hill : University of North Carolina Press, [1952]
Subjects:

MARC

Tag First Indicator Second Indicator Subfields
LEADER 00000cam a2200000 4500
001 in00000058831
005 20151008050503.0
008 750716s1952 ncu 00000 eng u
010 |a  52009491  
035 |a (OCoLC)01451310 
035 |9 AAG1332AM 
040 |c SOI  |d TXA  |d UtOrBLW 
049 |a TXAM  |c [208288] 
050 0 0 |a KF593.F3  |b M35 
082 0 |a 333.53 
092 |a 333.53  |b M277 
100 1 |a Mangum, Charles Staples,  |d 1902- 
245 1 4 |a The legal status of the tenant farmer in the Southeast. 
264 1 |a Chapel Hill :  |b University of North Carolina Press,  |c [1952] 
300 |a viii, 478 pages ;  |c 25 cm. 
336 |a text  |b txt  |2 rdacontent 
337 |a unmediated  |b n  |2 rdamedia 
338 |a volume  |b nc  |2 rdacarrier 
650 0 |a Landlord and tenant  |z Southern States. 
999 |a MARS 
999 f f |s a6612822-9ed0-36ff-9f62-692e98a78d66  |i 89d86d6c-5da7-3dcc-90b9-567c85c27587  |t 0 
952 f f |p ric  |a Texas A&M University  |b Rellis Campus  |c Joint Library Facility  |d Remote Storage  |t 0  |e KF593.F3 M35  |h Library of Congress classification  |i unmediated -- volume  |m A14800740623 
998 f f |a KF593.F3 M35  |t 0  |l Remote Storage